000 00569nam a22001817a 4500
005 20251108171142.0
008 250721s2003 xx 000 0 ara d
082 1 4 _aم/956.4053/مرك
245 1 0 _aأبريل في جنين و شهادات عن المجزرة /
264 1 _aجنين :
_bمركز جنين للدراسات الإستراتيجية،
_c2003.
300 _a57ص
650 1 7 _aتاريخ فلسطين
650 1 7 _aالمجازر البشرية
650 1 7 _aإسرائيل
710 2 _aمركز جنين
942 _2ddc
_cREF
999 _c57916
_d57916